01103 2200193 4500245006300000020002200063250001100085100001900096700001600115650002600131650002100157005001900178260004300197041001400240084001100254300002300265500061200288336000900900 aKartini b : Kisah yang TersembunyicAguk Irawan MNhText a978-602-6799-09-8 aCet. 1 aAguk Irawan MN aJoni Sujono aBiografi Tokoh Wanita aBiografi Kartini a20230927135555 aTangerangbKraurama Buana Antarac2016 aIndonesia a920.72 a308 hlm. :c20 cm. aPada tahun 1879, seorang wanita pemberontak lahir dari rahim perempuan jelata bernama Nyai Ngasirah. Kartini namanya, Berbeda dengan kaum laki-laki yang melawan penjajahan di medan perang, Kartini memberontak dari sebuah kerangkeng bernama pingitan. Tetapi, justru melalui pingitan itulah ia mampu menebarkan pengaruh hebat hingga mengguncang Eropa. Ia tidak bersenjata pedang, melainkan pena! Surat-surat yang ia tulis untuk para sahabatnya di Belanda membuka mata dunia. Di sana ia bicara tentang kesengsaraan pribumi, nasib kaum wanita, pendidikan di negeri jajahan, hinga kejahatan di balik kedok Islam. atext